North and South / (Record no. 58139)
[ view plain ]
| 000 -LEADER | |
|---|---|
| fixed length control field | 00755nam a2200241Ia 4500 |
| 001 - CONTROL NUMBER | |
| control field | 19643364 |
| 003 - CONTROL NUMBER IDENTIFIER | |
| control field | OCoLC |
| 005 - DATE AND TIME OF LATEST TRANSACTION | |
| control field | 20131023155013.0 |
| 008 - FIXED-LENGTH DATA ELEMENTS--GENERAL INFORMATION | |
| fixed length control field | 890502t19861970enk b 000 1 eng d |
| 020 ## - INTERNATIONAL STANDARD BOOK NUMBER | |
| International Standard Book Number | 0140430555 |
| 040 ## - CATALOGING SOURCE | |
| Original cataloging agency | CIN |
| Transcribing agency | CIN |
| Modifying agency | MOU |
| -- | WaOLN |
| 049 ## - LOCAL HOLDINGS (OCLC) | |
| Holding library | MOUW |
| 050 ## - LIBRARY OF CONGRESS CALL NUMBER | |
| Classification number | PR 4710.G37 1994 |
| 100 1# - MAIN ENTRY--PERSONAL NAME | |
| Personal name | Gaskell, Elizabeth Cleghorn, |
| Dates associated with a name | 1810-1865. |
| 9 (RLIN) | 23341 |
| 245 10 - TITLE STATEMENT | |
| Title | North and South / |
| Statement of responsibility, etc | Elizabeth Gaskell |
| 260 ## - PUBLICATION, DISTRIBUTION, ETC. (IMPRINT) | |
| Place of publication, distribution, etc | Harmondsworth, Middlesex, England : |
| Name of publisher, distributor, etc | Penguin Books ; |
| Place of publication, distribution, etc | New York, N.Y. : |
| Name of publisher, distributor, etc | Viking Penguin, |
| Date of publication, distribution, etc | [1986], c1994 |
| 300 ## - PHYSICAL DESCRIPTION | |
| Extent | 520 p. ; |
| Dimensions | 18 cm. |
| 490 1# - SERIES STATEMENT | |
| Series statement | Penguin classics. |
| 504 ## - BIBLIOGRAPHY, ETC. NOTE | |
| Bibliography, etc | Includes bibliographical references. |
| 700 1# - ADDED ENTRY--PERSONAL NAME | |
| Personal name | Collin, Dorothy. |
| 9 (RLIN) | 23342 |
| 830 #0 - SERIES ADDED ENTRY--UNIFORM TITLE | |
| Uniform title | Penguin classics. |
| 9 (RLIN) | 21940 |
| 942 ## - ADDED ENTRY ELEMENTS (KOHA) | |
| Source of classification or shelving scheme | Library of Congress Classification |
| Koha item type | Books |
| Withdrawn status | Lost status | Source of classification or shelving scheme | Damaged status | Not for loan | Collection code | Home library | Current library | Shelving location | Date acquired | Source of acquisition | Cost, normal purchase price | Total Checkouts | Full call number | Barcode | Date last seen | Copy number | Price effective from | Koha item type |
|---|---|---|---|---|---|---|---|---|---|---|---|---|---|---|---|---|---|---|
| Library of Congress Classification | Fiction | AIU/NEGST - Tony Wilmot Memorial Library | AIU/NEGST - Tony Wilmot Memorial Library | Fiction | 10/23/2013 | Donation | 15.00 | FIC PR 4710.G37 1994 | R28353A3232 | 09/29/2019 | 1 | 10/23/2013 | Books |
